000 00295nam a22001337a 4500
008 170418b xxu||||| |||| 00| 0 eng d
020 _a9780632045686
041 _aeng
080 _a579
100 _a11
101 _aSHM
245 _aBRAINCHIO FOR MICROBIOLOGY
_cLEE.S
942 _2udc
_cBK
999 _c10961
_d10961